Alle Pokémon mit "R" - Statistiken

Allgemein
  • Dieses Quiz wurde 242 mal gespielt
  • Das Durchschnittsergebnis liegt bei 25 aus 44
Antwortstatistiken
Typ Pokémon % Korrekt
Boden / Gestein Rihorn
81%
Boden / Gestein Rizeros
81%
Elektro / Geist Rotom
79%
Boden / Gestein Rihornior
76%
Eis ❄ Regice
74%
Gestein ⛰ Regirock
74%
Stahl 🚃 Registeel
74%
Eis / Psycho Rossana
71%
Drache 🐲 Regidrago
69%
Normal ✳ Regigigas
69%
Drache / Feuer Reshiram
69%
Käfer / Feuer Ramoth
67%
Pflanze / Eis Rexblisar
67%
Boden / Unlicht Rabigator
66%
Elektro ⚡ Regieleki
66%
Käfer / Gift Rollum
66%
Kampf / Flug Resladero
64%
Elektro / Gift Riffex
64%
Käfer 🐛 Raupy
62%
Normal ✳ Rattfratz
60%
Boden / Unlicht Rokkaiman
59%
Normal ✳ Rattikarl
57%
Gestein / Fee Rocara
57%
Elektro ⚡ Raichu
55%
Kampf 👊 Rabauz
53%
Drache / Flug Rayquaza
53%
Pflanze 🌿 Reptain
53%
Boden 🏜 Rotomurf
53%
Wasser / Gestein Relicanth
52%
Kampf 👊 Rasaff
47%
Gestein ⛰ Rameidon
45%
Gift ☠ Rettan
45%
Käfer / Wasser Reißlaus
41%
Pflanze / Gift Roselia
41%
Pflanze / Gift Roserade
41%
Feuer 🔥 Rutena
41%
Elektro ⚡ Raikou
40%
Normal ✳ Relaxo
40%
Normal ✳ Raffel
36%
Käfer 🐛 Relluk
36%
Kampf 👊 Riolu
36%
Wasser 💧 Remoraid
33%
Boden / Kampf Riesenzahn
29%
Wasser 💧 Robball
29%
Keine übereinstimmenden Quizze gefunden
Verteilung der Resultate
Anzahl Personen mit jedem Resultat
Perzentil nach korrekt beantworteten Fragen
Ihre Resultats-Entwicklung
Sie haben dieses Quiz noch nicht gespielt